书目信息 |
| 题名: |
英汉制糖工业词汇
|
|
| 作者: | ;华南工学院制糖教研组 编 | |
| 分册: | ||
| 出版信息: | 北京 轻工业出版社 1984 |
|
| 页数: | 108页 | |
| 开本: | 21cm | |
| 丛书名: | ||
| 单 册: | ||
| 中图分类: | TS24-61:H31 | |
| 科图分类: | ||
| 主题词: | 制糖工业 | |
| 电子资源: | ||
| ISBN: | ||
| 000 | 00702nam0 2200241 45 | |
| 001 | 0184010976 | |
| 005 | 20040517151010.7 | |
| 010 | @b精装@dCNY1.30 | |
| 091 | @a15042.1822 | |
| 100 | @a19950605d1984 emky0chiy0121 ea | |
| 101 | 0 | @achi |
| 102 | @aCN@b110000 | |
| 105 | @ay z 000yy | |
| 106 | @ar | |
| 200 | 10 | @a英汉制糖工业词汇@Aying han zhi tang gong ye ci hui@f华南工学院制糖教研组编 |
| 210 | @a北京@c轻工业出版社@d1984 | |
| 215 | @a108页@d21cm | |
| 606 | 0 | @a制糖工业 |
| 690 | @aTS24-61:H31 | |
| 711 | 02 | @a华南工学院制糖教研组@Ahua nan gong xue yuan zhi tang jiao yan zu@4编 |
| 801 | 0 | @aCN@b上海图书馆@c20040517 |
| 801 | 2 | @aCN@bNLC@c20040517 |
| 905 | @f3@b124328-330@dTS24-61:H31@e4 | |
| 英汉制糖工业词汇/华南工学院制糖教研组编.-北京:轻工业出版社,1984 |
| 108页;21cm |
| ISBN (精装):CNY1.30 |
| ● |
| 相关链接 |
|
|
|
|
正题名:英汉制糖工业词汇
索取号:TS24-61:H31/4
 
预约/预借
| 序号 | 登录号 | 条形码 | 馆藏地/架位号 | 状态 | 备注 |
| 1 | 0124328 | 001647793 | 密集书库/ [索取号:TS24-61:H31/4] | 在馆 | |
| 2 | 0124329 | 001647579 | 密集书库/ [索取号:TS24-61:H31/4] | 在馆 | |
| 3 | 0124330 | 001647775 | 第三借阅区/ [索取号:TS24-61:H31/4] | 在馆 | |
| 4 | 0124331 | 001647784 | 第二样本阅览室/ [索取号:TS24-61:H31/4] | 在馆 |